000 02478cas a2200517 a 4500
999 _c532167
_d532167
001 11138945
003 NUST
005 20191119112337.0
008 790830c19319999dcu x u 0 0eng c
010 _a 31030298
_zsn 85010534
035 _a(OCoLC)ocm05326866
038 _aMSOHAIL
040 _aWAU
_beng
_cWAU
_dMUL
_dNST
_dNYG
_dOCL
_dNST
_dDLC
_dCLE
_dWAU
_dOCLCQ
_dOCLCF
_dOCLCO
_dOCLCQ
042 _apcc
_apremarc
043 _an-us---
050 0 0 _aTG310
_b.A6
082 0 0 _a624.003
245 0 0 _aStandard specifications for highway bridges /
_cadopted by the American Association of State Highway Officials.
246 1 _iIssue for 1931 has title:
_aStandard specifications for highway bridges and incidental structures
250 _a17th
260 _aWashington, D.C. :
_bAmerican Association of State Highway Officials
300 _ap;829:
_billustrations ;
_c23 cm
310 _aIrregular
336 _atext
_btxt
_2rdacontent
337 _aunmediated
_bn
_2rdamedia
338 _avolume
_bnc
_2rdacarrier
362 1 _aBegan with [1st ed.], in 1931.
525 _aKept up to date by supplements called Interim specifications - bridges, -<199->; Interim revisions to the Standard specifications for highway bridges, <1999>-
530 _aAccompanied by CD-ROM version, <2002->
530 _aAlso issued online.
550 _aVolumes for 1st-11th editions issued by the American Association of State Highway Officials; 12th ed.- issued by the American Association of State Highway and Transportation Officials.
588 _aDescription based on: 4th ed. (1944).
588 _aLatest issue consulted: 17th ed. (2002).
590 _aSERBIB/SERLOC merged record
650 0 _aBridges
_vSpecifications
_zUnited States.
_925837
650 7 _aBridges.
_2fast
_0(OCoLC)fst00838671
_920855
651 7 _aUnited States.
_2fast
_0(OCoLC)fst01204155
_97952
655 7 _aSpecifications.
_2fast
_0(OCoLC)fst01423860
_925222
710 2 _aAmerican Association of State Highway Officials.
_919665
710 2 _aAmerican Association of State Highway and Transportation Officials.
_919553
776 1 _tStandard specifications for highway bridges (CD-ROM)
_w(DLC) 2003252575
_w(OCoLC)52502704
776 0 8 _iOnline version:
_tStandard specifications for highway bridges
_w(OCoLC)567774114
906 _a7
_bcbc
_cserials
_du
_encip
_f19
_gn-oclcserc
942 _2ddc
_cBK